| 000 | 01152cam a2200241 a 4500 | ||
|---|---|---|---|
| 001 | 000002566 | ||
| 005 | 20200929150220.0 | ||
| 008 | 800327s1983 ag b 001 f spa | ||
| 020 | _a9500030640 | ||
| 040 |
_aDO-SdBNP _bspa _cBNPHU |
||
| 082 |
_a813.009 _bK65e |
||
| 100 | 1 |
_aKlinkowitz, Jerome. _98078 |
|
| 240 | 0 | 0 | _aThe practice of fiction in America :witers from hawthome to the present |
| 245 | 1 | 0 |
_aEvolución de la narrativa norteamericana : _bdesde Hawthorne hasta el presente / _cJerome Klinkowitz ; traducción de Carlos Raúl Yujnovsky. |
| 260 |
_aBuenos Aires : _bEdiciones Marymar, _c1983. |
||
| 300 |
_a148 p. ; _c23 cm. |
||
| 490 | 1 | _aFilosofía y Crítica | |
| 534 |
_aTítulo original: The practice of fiction in America: the practique of fiction in America: writers from Hawthorne to the present _tThe practice of fiction in America: the practique of fiction in America: writers from Hawthorne to the present |
||
| 650 | 4 |
_aFicción de américa _xHistoria y crítica _98079 |
|
| 650 | 4 |
_aLiteratura norteamericana _xHistoria y crítica _98080 |
|
| 700 | 1 |
_aYujnovsky, Carlos Raúl _etr. _98081 |
|
| 830 | 0 |
_aFilosofía y Crítica _98082 |
|
| 999 |
_c2402 _d2402 |
||